15 principales países con muertes de Covid-19 - 16 mayo 2021 - Estadísticas

Estadísticas generales
  • Esta prueba ha sido intentada 8 veces
  • La puntuación promedio es 15 de 24
Estadísticas de respuestas
país % Correcto
España
100%
Francia
100%
Alemania
83%
Brasil
83%
Estados Unidos
83%
Italia
83%
Argentina
67%
India
67%
México
67%
Perú
67%
Polonia
67%
Rusia
67%
Bélgica
50%
Bosnia y Herzegovina
50%
Chequia
50%
Colombia
50%
Croacia
50%
Eslovaquia
50%
Eslovenia
50%
Hungría
50%
Irán
50%
Reino Unido
50%
Bulgaria
33%
Macedonia del Norte
33%
No se encontraron pruebas coincidentes
Distribución de puntuación
Porcentaje de gente con cada puntuación
Porcentaje por número respondido
Historial de tus puntuaciones
No has intentado esta prueba.